000 00521nam a22001937a 4500
005 20150604092054.0
008 150604b xxu||||| |||| 00| 0 eng d
020 _a9781930546660
041 0 _aeng
080 _a796.32
100 _aBertoli, Jim
245 1 0 _aVolleyball skills & drills /
_cJim Bertoli.
246 3 _aVolleyball skills and drills
260 _aTerre Haute, Ind. :
_bWish Pub. ;
_cc2004.
300 _axv, 149 f. :
_bme il.;
_c22 cm.
650 _aVollejboll
700 1 _aJim Bertoli
942 _2udc
_cBK
999 _c990
_d990